000 00776nam a22002415i 4500
001 178589
003 ES-MaACL
005 20250822062559.0
008 110608s1967 sp |||| | spa d
080 _a159.9
100 1 _aMac Neil, Elton B.
_9146986
245 1 3 _aEl desarrollo humano /
_cElton B. McNeil ; versión española por Isaías Acarreta.
260 _aAlcoy :
_bMarfil,
_c1967.
300 _a110, [5] p. ;
_c21 cm.
490 1 _aTemas básicos de psicología ;
_v3
500 _aÍndices.
504 _aBibliografía: p. 111-113.
650 0 7 _aPsicología
_2embne
_916540
700 1 _aAcarreta Arnedo, Isaías,
_918202
830 0 _aTemas básicos de psicología ;
_v3
_9191019
852 _aES-MaACL
_jE-15358
_xOlim P-1248
999 _c178589
_d178589